000
00414nam a2200145Ia 4500
008
100204s9999 xx 000 0 und d
082
_b
7883
100
_a
तिबिले अनंत
245
_a
आव्हान
260
_b
"मधुर पब्लिकेशन , पुणे 2"
_c
1985
300
_a
181
630
_a
आव्हान
730
_a
आव्हान
942
_c
BOOK
999
_c
452319
_d
452316